ALBUM 100 tahun Kuala Lumpur menjadi penguasa tempatan : Album Kuala Lumpur 100 years as a local authority

Bibliographic Details
Format: Book
Published: Kuala Lumpur : Penerbitan Puteries , 1990
Subjects:

MARC

LEADER 00000cam a2200000 7i4500
001 0000000232
005 20000722.0
090 0 0 |a MR307.76095951   |b ALB 1990 
245 0 0 |a ALBUM 100 tahun Kuala Lumpur menjadi penguasa tempatan :   |b Album Kuala Lumpur 100 years as a local authority 
260 0 0 |a Kuala Lumpur :   |b Penerbitan Puteries ,   |c 1990 
300 |a 191 p. :   |b col. ill. ;   |c 30 cm. 
650 0 0 |a Local government   |z Kuala Lumpur 
650 0 0 |a Metropolitan government   |z Kuala Lumpur 
651 0 0 |a Kuala Lumpur City Hall 
999 |a 0000001300   |b Monograph   |c Reference   |e Default branch